<?xml version="1.0" encoding="UTF-8"?>
<record
    xmlns:xsi="http://www.w3.org/2001/XMLSchema-instance"
    xsi:schemaLocation="http://www.loc.gov/MARC21/slim http://www.loc.gov/standards/marcxml/schema/MARC21slim.xsd"
    xmlns="http://www.loc.gov/MARC21/slim">

  <leader>01002njm a2200241 i 4500</leader>
  <controlfield tag="001">4673</controlfield>
  <controlfield tag="003">ES-MaACL</controlfield>
  <controlfield tag="005">20240621063006.0</controlfield>
  <controlfield tag="007">s|r|||||||||||</controlfield>
  <controlfield tag="008">070806s1967    sp ||| g ||||||||1|nspa d</controlfield>
  <datafield tag="100" ind1="1" ind2=" ">
    <subfield code="a">Garc&#xED;a Miranda, Francisco.</subfield>
    <subfield code="9">54955</subfield>
  </datafield>
  <datafield tag="245" ind1="1" ind2="0">
    <subfield code="a">Problemas del ejercicio profesional m&#xE9;dico en Espa&#xF1;a </subfield>
    <subfield code="h">[Grabaci&#xF3;n sonora] / </subfield>
    <subfield code="c">interviene el Dr. Francisco Garc&#xED;a Miranda.</subfield>
  </datafield>
  <datafield tag="260" ind1=" " ind2=" ">
    <subfield code="a">Madrid : </subfield>
    <subfield code="b">Ateneo de Madrid, </subfield>
    <subfield code="c">1967.</subfield>
  </datafield>
  <datafield tag="300" ind1=" " ind2=" ">
    <subfield code="a">1 disco (CD-DA) (45 min. 23 seg.) ; </subfield>
    <subfield code="c">12 cm.</subfield>
  </datafield>
  <datafield tag="500" ind1=" " ind2=" ">
    <subfield code="a">Datos basados en la invitaci&#xF3;n.</subfield>
  </datafield>
  <datafield tag="518" ind1=" " ind2=" ">
    <subfield code="a">Acto organizado por el Aula de Medicina del Ateneo de Madrid, grabado en el sal&#xF3;n de actos el viernes 3 de marzo de 1967, a las 20:00 h.</subfield>
  </datafield>
  <datafield tag="610" ind1="2" ind2="4">
    <subfield code="a">Ateneo de Madrid-</subfield>
    <subfield code="x">Actos culturales-</subfield>
    <subfield code="y">1967-</subfield>
    <subfield code="v">Grabaciones sonoras.</subfield>
    <subfield code="9">1881</subfield>
  </datafield>
  <datafield tag="650" ind1="1" ind2="4">
    <subfield code="a">M&#xE9;dicos.</subfield>
    <subfield code="9">14941</subfield>
  </datafield>
  <datafield tag="710" ind1="2" ind2=" ">
    <subfield code="a">Ateneo de Madrid. </subfield>
    <subfield code="b">Aula de Medicina.</subfield>
    <subfield code="9">1947</subfield>
  </datafield>
  <datafield tag="852" ind1=" " ind2=" ">
    <subfield code="a">ES-MaACL</subfield>
    <subfield code="j">ROT 3/2/40</subfield>
    <subfield code="9">4790</subfield>
    <subfield code="c">ROT</subfield>
  </datafield>
  <datafield tag="942" ind1=" " ind2=" ">
    <subfield code="2">udc</subfield>
  </datafield>
  <datafield tag="999" ind1=" " ind2=" ">
    <subfield code="c">4673</subfield>
    <subfield code="d">4673</subfield>
  </datafield>
  <datafield tag="952" ind1=" " ind2=" ">
    <subfield code="0">0</subfield>
    <subfield code="1">0</subfield>
    <subfield code="2">udc</subfield>
    <subfield code="4">0</subfield>
    <subfield code="7">0</subfield>
    <subfield code="8">archivo_palabra</subfield>
    <subfield code="a">ATENEOM</subfield>
    <subfield code="b">ATENEOM</subfield>
    <subfield code="c">ROT</subfield>
    <subfield code="d">2008-01-17</subfield>
    <subfield code="l">0</subfield>
    <subfield code="o">ROT 3/2/40</subfield>
    <subfield code="p">1004736</subfield>
    <subfield code="r">2023-02-23 00:00:00</subfield>
    <subfield code="w">2023-02-23</subfield>
    <subfield code="y">CDROM</subfield>
  </datafield>
</record>
